|
|
|
|
| LEADER |
00000nab a2200000 4500 |
| 001 |
vtls012126054 |
| 003 |
SK-MaSNL |
| 005 |
20260318132858.0 |
| 008 |
220307|2022 xo |||| || ||00 0|slo |
| 015 |
|
|
|a SNBRB2022/02
|
| 040 |
|
|
|a DSZK
|b slo
|c DSZK
|e rda
|
| 041 |
|
|
|a hun
|a slo
|
| 043 |
|
|
|a e-xo---
|
| 044 |
|
|
|a xo
|c SK
|
| 072 |
|
7 |
|a 796
|x Šport. Hry. Telesné cvičenia
|2 konspekt
|
| 080 |
|
|
|a 796.332
|2 2011
|
| 100 |
1 |
|
|a Duducz, Tibor
|4 aut
|9 1108642
|
| 245 |
1 |
0 |
|a Történelmi tavasz előtt
|c Duducz Tibor
|
| 300 |
|
|
|b Fotografie
|
| 336 |
|
|
|a text
|b txt
|2 rdacontent
|
| 337 |
|
|
|a bez média
|b n
|2 rdamedia
|
| 338 |
|
|
|a zväzok
|b nc
|2 rdacarrier
|
| 546 |
|
|
|a Dvojjazyčné vydanie
|
| 610 |
2 |
7 |
|a STK Šamorín
|2 dszk
|9 1194814
|
| 650 |
0 |
7 |
|a futbal
|2 SNKPH
|9 3291
|
| 651 |
|
7 |
|a Šamorín (Slovensko)
|2 SNKPHgeo
|9 28925
|
| 773 |
0 |
|
|t Somorja és vidéke = Šamorín a okolie
|g Évf. XXXII, sz. 2 (2022), o. 10
|x 1338-9068
|
| 958 |
|
|
|a SK
|
| 958 |
|
|
|a RG
|
| 999 |
|
|
|c 2080021
|d 2081951
|